[Event "AUT-chT2M 2122"]
[Site "Austria"]
[Date "2022.03.26"]
[Round "8.6"]
[White "Hoelzl, Franz"]
[Black "Heindl, Matthias"]
[Result "1-0"]
[WhiteElo "2292"]
[BlackElo "2234"]
[PlyCount "105"]
[EventDate "2021.10.01"]
[EventType "team-tourn"]
[EventRounds "11"]
[EventCountry "AUT"]
[SourceTitle "EXT 2023"]
[Source "ChessBase"]
[SourceDate "2022.10.05"]
[SourceVersion "1"]
[SourceVersionDate "2022.10.05"]
[SourceQuality "1"]
[WhiteTeam "St Veit/Glan II"]
[BlackTeam "Villach Admira"]
[WhiteTeamCountry "AUT"]
[BlackTeamCountry "AUT"]

1. d4 Nf6 2. Nf3 g6 3. g3 Bg7 4. Bg2 0-0 5. 0-0 d5 6. c4 dxc4 7. Na3 c3 8. bxc3 c5 9. Ne5 Nc6 10. Nxc6 bxc6 11. Qa4 Nd5 12. Bb2 Rb8 13. Rab1 Qb6 14. e4 Qa6 15. Qc2 Nb6 16. Rfc1 Be6 17. dxc5 Nc4 18. Nxc4 Bxc4 19. Ra1 Bd3 20. Qd2 Rfd8 21. Rd1 Qa5 22. Qc1 Rxb2 23. Qxb2 Bxc3 24. Qc1 e5 25. Qg5 h6 26. Qe7 Bxa1 27. Rxa1 Rb8 28. Qxe5 Rb5 29. Rd1 Qxa2 30. h4 Rb1 31. Rxb1 Qxb1+ 32. Kh2 Qb7 33. h5 Kh7 34. Qd6 Bb5 35. e5 Kg7 36. Qf6+ Kg8 37. g4 gxh5 38. gxh5 a5 39. Be4 Qb8 40. f4 Qf8 41. Qf5 Qxc5 42. Qh7+ Kf8 43. Qxh6+ Ke8 44. Qh8+ Ke7 45. Qf6+ Ke8 46. Bg2 Qe7 47. Bxc6+ Bxc6 48. Qxc6+ Kf8 49. Qd6 a4 50. h6 Qxd6 51. exd6 a3 52. d7 Ke7 53. h7 1-0

[Event "AUT-chT2M 2122"]
[Site "Austria"]
[Date "2021.10.02"]
[Round "2.5"]
[White "Eder, Matthias"]
[Black "Hoelzl, Franz"]
[Result "1-0"]
[WhiteElo "2180"]
[BlackElo "2292"]
[PlyCount "57"]
[EventDate "2021.10.01"]
[EventType "team-tourn"]
[EventRounds "11"]
[EventCountry "AUT"]
[SourceTitle "CBM 204 Extra"]
[Source "ChessBase"]
[SourceDate "2021.11.30"]
[SourceVersion "1"]
[SourceVersionDate "2021.11.30"]
[SourceQuality "1"]
[WhiteTeam "Graz Schachfreunde"]
[BlackTeam "St Veit/Glan II"]
[WhiteTeamCountry "AUT"]
[BlackTeamCountry "AUT"]

1. e4 c5 2. Nf3 d6 3. d4 cxd4 4. Nxd4 Nf6 5. Nc3 a6 6. Bg5 Nbd7 7. Bc4 Qb6 8. Bb3 e6 9. Bxf6 Nxf6 10. Qd2 Bd7 11. 0-0-0 Qc5 12. Rhe1 b5 13. a3 a5 14. a4 bxa4 15. Nxa4 Qb4 16. Qe2 Rc8 17. Qa6 Be7 18. Nb6 Rc7 19. Qa8+ Bd8 20. Nxd7 Kxd7 21. Kb1 Rc8 22. Qa6 Bb6 23. c3 Qc5 24. e5 Nd5 25. Ba4+ Ke7 26. exd6+ Kf6 27. d7 Rc7 28. Qe2 Qd6 29. Nb5 1-0

[Event "St Veit op 38th"]
[Site "St Veit"]
[Date "2019.07.11"]
[Round "7"]
[White "Hatzl, Johannes"]
[Black "Hoelzl, Franz"]
[Result "0-1"]
[WhiteElo "2107"]
[BlackElo "2295"]
[PlyCount "63"]
[EventDate "2019.07.06"]
[EventType "swiss"]
[EventRounds "9"]
[EventCountry "AUT"]
[SourceTitle "EXT 2020"]
[Source "ChessBase"]
[SourceDate "2019.10.17"]
[SourceVersion "1"]
[SourceVersionDate "2019.10.17"]
[SourceQuality "1"]

1. d4 Nf6 2. Bf4 g6 3. Nc3 Bg7 4. e4 0-0 5. Qd2 c5 6. dxc5 Qa5 7. Nb5 Qxd2+ 8. Bxd2 Na6 9. f3 Nxc5 10. 0-0-0 d6 11. Ne2 Bd7 12. Nbc3 Rfc8 13. Kb1 b5 14. Nf4 Rab8 15. Ncd5 Nxd5 16. Nxd5 Kf8 17. Bc3 Bxc3 18. Nxc3 a5 19. Be2 Bc6 20. Nd5 b4 21. Ne3 a4 22. Rd2 h5 23. Rc1 Kg7 24. c3 a3 25. b3 Bxe4+ 26. fxe4 Nxe4 27. Rdc2 Nxc3+ 28. Rxc3 bxc3 29. Nd5 Rc5 30. Bf3 Rbc8 31. Nxe7 c2+ 32. Ka1 0-1

[Event "AUT-chT 1819"]
[Site "Austria"]
[Date "2018.11.15"]
[Round "1.3"]
[White "Knoll, Hermann"]
[Black "Hoelzl, Franz"]
[Result "1-0"]
[WhiteElo "2330"]
[BlackElo "2300"]
[PlyCount "63"]
[EventDate "2018.11.15"]
[EventType "team-tourn"]
[EventRounds "11"]
[EventCountry "AUT"]
[SourceTitle "CBM 187 Extra"]
[Source "ChessBase"]
[SourceDate "2018.11.04"]
[SourceVersion "1"]
[SourceVersionDate "2018.11.04"]
[SourceQuality "1"]
[WhiteTeam "Ansfelden"]
[BlackTeam "St Veit"]
[WhiteTeamCountry "AUT"]
[BlackTeamCountry "AUT"]

1. Nf3 d5 2. c4 d4 3. b4 g6 4. g3 Bg7 5. d3 e5 6. Nbd2 b6 7. Bg2 Bb7 8. 0-0 Ne7 9. a4 0-0 10. a5 Re8 11. b5 a6 12. axb6 cxb6 13. bxa6 Nxa6 14. Nb3 Nf5 15. Ba3 Qc7 16. Nfd2 Bxg2 17. Kxg2 Nd6 18. Qb1 f5 19. Kg1 Nb7 20. Nf3 Nac5 21. Bxc5 bxc5 22. Rxa8 Rxa8 23. Nbd2 Nd6 24. Re1 Re8 25. e4 Rb8 26. Qa2 Rf8 27. exf5 Rxf5 28. Qa8+ Rf8 29. Qd5+ Nf7 30. Ne4 Rc8 31. Nfg5 Bf8 32. Nf6+ 1-0

[Event "AUT-chT 1718"]
[Site "Austria"]
[Date "2018.04.05"]
[Round "9.2"]
[White "Hoelzl, Franz"]
[Black "Kavcic, Zan"]
[Result "1/2-1/2"]
[WhiteElo "2321"]
[BlackElo "2295"]
[PlyCount "61"]
[EventDate "2017.11.16"]
[EventType "team-tourn"]
[EventRounds "11"]
[EventCountry "AUT"]
[SourceTitle "EXT 2019"]
[Source "ChessBase"]
[SourceDate "2018.10.10"]
[SourceVersion "1"]
[SourceVersionDate "2018.10.10"]
[SourceQuality "1"]
[WhiteTeam "St Veit"]
[BlackTeam "Raika Feffernitz"]
[WhiteTeamCountry "AUT"]
[BlackTeamCountry "AUT"]

1. Nf3 Nf6 2. d4 d5 3. c4 c6 4. e3 e6 5. Qc2 Be7 6. Be2 0-0 7. 0-0 b6 8. b3 Bb7 9. Bb2 Nbd7 10. Nbd2 c5 11. Rac1 Rc8 12. Qb1 dxc4 13. Bxc4 Rc7 14. dxc5 Bxc5 15. Rfd1 Qe7 16. Be2 Rfc8 17. Ne5 Nxe5 18. Bxe5 Bd6 19. Rxc7 Bxc7 20. Bxc7 Qxc7 21. Bf3 Rd8 22. Bxb7 Qxb7 23. Nf3 Rxd1+ 24. Qxd1 Qd5 25. Qd4 a5 26. h3 Qxd4 27. Nxd4 Kf8 28. Kf1 Ke7 29. Ke2 Kd6 30. Kd3 Kc5 31. a3 1/2-1/2

[Event "AUT-chT 1718"]
[Site "Austria"]
[Date "2017.11.17"]
[Round "2.4"]
[White "Hoelzl, Franz"]
[Black "Baenziger, Fabian"]
[Result "0-1"]
[WhiteElo "2321"]
[BlackElo "2379"]
[PlyCount "102"]
[EventDate "2017.11.16"]
[EventType "team-tourn"]
[EventRounds "11"]
[EventCountry "AUT"]
[SourceTitle "CBM 181 Extra"]
[Source "ChessBase"]
[SourceDate "2017.12.12"]
[SourceVersion "1"]
[SourceVersionDate "2017.12.12"]
[SourceQuality "1"]
[WhiteTeam "St Veit"]
[BlackTeam "Hohenems"]
[WhiteTeamCountry "AUT"]
[BlackTeamCountry "AUT"]

1. g3 Nf6 2. Bg2 g6 3. e4 d6 4. d4 Bg7 5. Ne2 0-0 6. 0-0 c5 7. Nbc3 cxd4 8. Nxd4 Nc6 9. Nde2 Rb8 10. h3 b5 11. Bg5 Nd7 12. a3 Nde5 13. Qc1 a5 14. Kh2 Nc4 15. Bh6 b4 16. axb4 axb4 17. Bxg7 Kxg7 18. Nd5 e6 19. Ndf4 Qb6 20. b3 N4e5 21. Qb2 Ba6 22. Rad1 Rbd8 23. Nd3 Kg8 24. f4 Nxd3 25. cxd3 e5 26. f5 f6 27. h4 Kg7 28. g4 Rc8 29. Rf3 Nd4 30. Nxd4 Qxd4 31. Qxd4 exd4 32. Ra1 Bb5 33. fxg6 Kxg6 34. Ra5 Rc5 35. Kg3 Rf7 36. Bf1 Re5 37. Ra8 Re8 38. Rxe8 Bxe8 39. Rf5 Rb7 40. Bg2 Rb6 41. g5 fxg5 42. Rxg5+ Kf6 43. Rf5+ Ke7 44. e5 Bg6 45. exd6+ Rxd6 46. Rb5 Bxd3 47. Rxb4 Bc2 48. Kf4 Kf6 49. Rb5 d3 50. Rf5+ Kg6 51. Be4 Rd4 0-1

[Event "AUT-chT 1718"]
[Site "Austria"]
[Date "2017.11.16"]
[Round "1.4"]
[White "Klek, Hanna Marie"]
[Black "Hoelzl, Franz"]
[Result "1-0"]
[WhiteElo "2368"]
[BlackElo "2321"]
[PlyCount "137"]
[EventDate "2017.11.16"]
[EventType "team-tourn"]
[EventRounds "11"]
[EventCountry "AUT"]
[SourceTitle "CBM 181 Extra"]
[Source "ChessBase"]
[SourceDate "2017.12.12"]
[SourceVersion "1"]
[SourceVersionDate "2017.12.12"]
[SourceQuality "1"]
[WhiteTeam "Salzburg Royal"]
[BlackTeam "St Veit"]
[WhiteTeamCountry "AUT"]
[BlackTeamCountry "AUT"]

1. e4 c5 2. Nf3 d6 3. Bb5+ Bd7 4. Bxd7+ Nxd7 5. 0-0 e6 6. Qe2 Be7 7. b3 Bf6 8. c3 Ne7 9. d4 cxd4 10. cxd4 Nc6 11. Bb2 0-0 12. Na3 d5 13. e5 Be7 14. Nc2 a5 15. Nfe1 Qb6 16. f4 a4 17. Rf3 Rfe8 18. Kh1 Bf8 19. Rh3 g6 20. Qf2 axb3 21. Rxb3 Qa6 22. Ba3 Bg7 23. g4 f6 24. Ng2 fxe5 25. fxe5 Ndxe5 26. dxe5 Nxe5 27. Qg3 Rac8 28. Nb4 Qe2 29. Re1 Qxg4 30. Qxg4 Nxg4 31. Nd3 Rc3 32. Rxc3 Bxc3 33. Rc1 d4 34. h3 Nf6 35. Bd6 Ne4 36. Be5 Nd2 37. Ngf4 Nf3 38. Ne2 Nxe5 39. Nxe5 Ra8 40. Nxc3 dxc3 41. Rxc3 Rxa2 42. Rc7 b5 43. Rb7 Rb2 44. Nc6 h5 45. Nd4 e5 46. Rxb5 Rxb5 47. Nxb5 Kg7 48. Kg2 Kf6 49. Kf3 Kg5 50. Kg3 Kf5 51. Nd6+ Ke6 52. Ne4 Kf5 53. Kf3 Ke6 54. Ng3 Kd5 55. Ke3 Ke6 56. Ne4 Kf5 57. Nd2 Kg5 58. Nf3+ Kf5 59. Ne1 g5 60. Ng2 h4 61. Kf3 e4+ 62. Kf2 Ke5 63. Ne3 Kf4 64. Ng4 e3+ 65. Nxe3 Ke4 66. Ng2 g4 67. hxg4 h3 68. Ne3 Kf4 69. Kg1 1-0

[Event "AUT-chT 1617"]
[Site "Austria"]
[Date "2016.10.23"]
[Round "4.6"]
[White "Beckhuis, Gernod"]
[Black "Hoelzl, Franz"]
[Result "1/2-1/2"]
[WhiteElo "2285"]
[BlackElo "2327"]
[PlyCount "101"]
[EventDate "2016.10.20"]
[EventType "team-tourn"]
[EventRounds "11"]
[EventCountry "AUT"]
[SourceTitle "CBM 175 Extra"]
[Source "ChessBase"]
[SourceDate "2016.12.12"]
[SourceVersion "1"]
[SourceVersionDate "2016.12.12"]
[SourceQuality "1"]
[WhiteTeam "Wien Ottakring"]
[BlackTeam "St Veit"]
[WhiteTeamCountry "AUT"]
[BlackTeamCountry "AUT"]

1. d4 Nf6 2. c4 e6 3. Nf3 d5 4. g3 dxc4 5. Bg2 Bb4+ 6. Bd2 c5 7. dxc5 Bxc5 8. Qa4+ Nbd7 9. 0-0 0-0 10. Qxc4 b5 11. Qb3 Bb7 12. Qxb5 Rb8 13. Qa5 Bxf3 14. Qxd8 Rfxd8 15. Bxf3 Bd4 16. Bc3 Ne5 17. Bxd4 Rxd4 18. b3 g5 19. Rc1 Nxf3+ 20. exf3 Rd3 21. Kg2 h5 22. Na3 g4 23. fxg4 hxg4 24. Nc4 Rbd8 25. h3 Kg7 26. hxg4 Nxg4 27. Re1 R8d5 28. Re4 Nf6 29. Re2 Rc3 30. Rae1 Rh5 31. Re5 Rxe5 32. Rxe5 Rc2 33. Kf3 Nd5 34. Re2 Rxe2 35. Kxe2 Nc3+ 36. Kd2 Nxa2 37. Na5 Nb4 38. Kc3 Nd5+ 39. Kd4 Kf6 40. Nc6 a6 41. Nb8 Nb4 42. f3 a5 43. Nd7+ Kf5 44. Nb6 e5+ 45. Kc5 e4 46. fxe4+ Kxe4 47. Nc4 Nd3+ 48. Kb5 Nc1 49. Nd6+ Kf3 50. Nxf7 Kxg3 51. Kxa5 1/2-1/2

[Event "AUT-chT 1415"]
[Site "Austria"]
[Date "2015.03.20"]
[Round "10.3"]
[White "Pitl, Gregory"]
[Black "Hoelzl, Franz"]
[Result "0-1"]
[WhiteElo "2391"]
[BlackElo "2336"]
[PlyCount "70"]
[EventDate "2014.11.20"]
[EventType "team-tourn"]
[EventRounds "11"]
[EventCountry "AUT"]
[SourceTitle "EXT 2016"]
[Source "ChessBase"]
[SourceDate "2015.10.08"]
[SourceVersion "1"]
[SourceVersionDate "2015.10.08"]
[SourceQuality "1"]
[WhiteTeam "Salzburg"]
[BlackTeam "St Veit"]
[WhiteTeamCountry "AUT"]
[BlackTeamCountry "AUT"]

1. e4 e6 2. Nf3 d5 3. Nc3 Bb4 4. e5 b6 5. Ne2 Nh6 6. Nf4 0-0 7. c3 Be7 8. d4 Nf5 9. b4 c5 10. a3 Na6 11. Bd3 Nc7 12. Rb1 g6 13. h4 cxd4 14. cxd4 h5 15. g3 Bd7 16. Qe2 a6 17. 0-0 Bb5 18. Be3 Qd7 19. Rfc1 Rfc8 20. Qb2 Bxd3 21. Nxd3 Qa4 22. Qc3 Kg7 23. Nb2 Qe8 24. Qb3 a5 25. bxa5 bxa5 26. Na4 Rcb8 27. Nb6 Ra7 28. Qd3 Rab7 29. Bd2 Rxb6 30. Rxb6 Rxb6 31. Rxc7 Qb8 32. Qc2 Rb1+ 33. Kh2 Qb5 34. Bg5 Qf1 35. Qxb1 Qxf2+ 0-1

[Event "AUT-chT 1415"]
[Site "Austria"]
[Date "2015.02.28"]
[Round "7.3"]
[White "Kessler, Luca"]
[Black "Hoelzl, Franz"]
[Result "1-0"]
[WhiteElo "2321"]
[BlackElo "2336"]
[PlyCount "73"]
[EventDate "2014.11.20"]
[EventType "team-tourn"]
[EventRounds "11"]
[EventCountry "AUT"]
[SourceTitle "EXT 2016"]
[Source "ChessBase"]
[SourceDate "2015.10.08"]
[SourceVersion "1"]
[SourceVersionDate "2015.10.08"]
[SourceQuality "1"]
[WhiteTeam "Hohenems"]
[BlackTeam "St Veit"]
[WhiteTeamCountry "AUT"]
[BlackTeamCountry "AUT"]

1. d4 Nf6 2. c4 e6 3. Nc3 Bb4 4. Qc2 c5 5. dxc5 Qc7 6. Nf3 Bxc5 7. g3 Ng4 8. e3 0-0 9. Bg2 Bb4 10. a3 Be7 11. b3 a6 12. 0-0 d6 13. Bb2 Nd7 14. Nd4 Re8 15. Qe2 Ngf6 16. g4 g6 17. h3 Bf8 18. f4 e5 19. fxe5 dxe5 20. Nc2 e4 21. g5 Qg3 22. gxf6 Bd6 23. Rf4 Nc5 24. Qf2 Bxf4 25. Qxf4 Qxf4 26. exf4 Nxb3 27. Rd1 Be6 28. Ne3 Nc5 29. Ncd5 Nd3 30. Bd4 Bxd5 31. Nxd5 Rad8 32. Bb6 Rd7 33. Ne7+ Rdxe7 34. fxe7 f5 35. Rxd3 exd3 36. Bd5+ Kg7 37. Bd4+ 1-0

[Event "AUT-chT 1314"]
[Site "Austria"]
[Date "2013.12.06"]
[Round "1.5"]
[White "Hoelzl, Franz"]
[Black "Schramm, Christian"]
[Result "1-0"]
[WhiteElo "2331"]
[BlackElo "2402"]
[PlyCount "77"]
[EventDate "2013.12.06"]
[EventType "team-tourn"]
[EventRounds "11"]
[EventCountry "AUT"]
[SourceTitle "CBM 157 Extra"]
[Source "ChessBase"]
[SourceDate "2013.12.19"]
[SourceVersion "1"]
[SourceVersionDate "2013.12.19"]
[SourceQuality "1"]
[WhiteTeam "St Veit/Glan"]
[BlackTeam "Bernhard"]
[WhiteTeamCountry "AUT"]
[BlackTeamCountry "AUT"]

1. d4 Nf6 2. Nf3 e6 3. c4 c5 4. d5 b5 5. dxe6 fxe6 6. cxb5 Be7 7. g3 0-0 8. Bg2 a6 9. bxa6 Bxa6 10. Ng5 Ra7 11. Nc3 h6 12. Nh3 Qe8 13. 0-0 d5 14. Nf4 Bd6 15. b3 Nbd7 16. Qc2 Ne5 17. Bb2 g5 18. Nfxd5 exd5 19. Nxd5 Bb7 20. Rad1 Nxd5 21. Bxd5+ Bxd5 22. Rxd5 Qe6 23. Qe4 Re7 24. Bxe5 Bxe5 25. Rxc5 Kg7 26. Kg2 Rf6 27. Qc4 Qb6 28. a4 Ref7 29. a5 Qa7 30. e3 Bd6 31. Rd5 Qa8 32. Qd4 Bc7 33. b4 Kg8 34. Kg1 Qf8 35. e4 Rf3 36. e5 Rb3 37. Rc5 Bb8 38. b5 Qe7 39. Rc8+ 1-0

[Event "AUT-chT 1213"]
[Site "Austria"]
[Date "2013.01.17"]
[Round "4.5"]
[White "Blatny, Pavel"]
[Black "Hoelzl, Franz"]
[Result "1-0"]
[WhiteElo "2420"]
[BlackElo "2334"]
[PlyCount "49"]
[EventDate "2012.11.02"]
[EventType "team-tourn"]
[EventRounds "11"]
[EventCountry "AUT"]
[SourceTitle "EXT 2014"]
[Source "ChessBase"]
[SourceDate "2013.11.20"]
[SourceVersion "1"]
[SourceVersionDate "2013.11.20"]
[SourceQuality "1"]
[WhiteTeam "Zwettl"]
[BlackTeam "St Veit"]
[WhiteTeamCountry "AUT"]
[BlackTeamCountry "AUT"]

1. b3 c5 2. Bb2 Nf6 3. e3 g6 4. f4 Bg7 5. g3 0-0 6. Bg2 d6 7. Nf3 Nbd7 8. 0-0 Qc7 9. c4 b6 10. Nc3 Bb7 11. Qc2 Rad8 12. Rae1 d5 13. cxd5 Nxd5 14. Nxd5 Bxd5 15. e4 Bb7 16. e5 Nb8 17. f5 Ba6 18. fxg6 hxg6 19. Qe4 Bd3 20. Qh4 f6 21. Bh3 Qc6 22. exf6 Rxf6 23. Ng5 Rd4 24. Qh7+ Kf8 25. Be6 1-0

[Event "AUT-chT 1213"]
[Site "Austria"]
[Date "2012.11.02"]
[Round "1.6"]
[White "Volkmann, Friedrich Karl"]
[Black "Hoelzl, Franz"]
[Result "0-1"]
[WhiteElo "2416"]
[BlackElo "2334"]
[PlyCount "116"]
[EventDate "2012.11.02"]
[EventType "team-tourn"]
[EventRounds "11"]
[EventCountry "AUT"]
[SourceTitle "EXT 2013"]
[Source "ChessBase"]
[SourceDate "2012.11.22"]
[SourceVersion "1"]
[SourceVersionDate "2012.11.22"]
[SourceQuality "1"]
[WhiteTeam "Wulkaprodersdorf"]
[BlackTeam "St Veit"]
[WhiteTeamCountry "AUT"]
[BlackTeamCountry "AUT"]

1. e4 e5 2. Nf3 Nc6 3. Nc3 Nf6 4. Bb5 Nd4 5. Ba4 Nxf3+ 6. Qxf3 Be7 7. Qg3 0-0 8. Qxe5 Re8 9. d3 Bb4 10. Qg5 h6 11. Qh4 b5 12. Bxb5 c6 13. Bc4 d5 14. Bb3 d4 15. Bd2 dxc3 16. bxc3 Bf8 17. Rd1 Ba6 18. 0-0 Nxe4 19. Qxd8 Raxd8 20. dxe4 Bxf1 21. Kxf1 Rxe4 22. f3 Re7 23. c4 g6 24. Ba4 Re6 25. c3 h5 26. h3 h4 27. Be1 Rxd1 28. Bxd1 Be7 29. Bf2 a6 30. c5 Bf6 31. Bb3 Re8 32. Ba4 Rb8 33. Bxc6 g5 34. Bd4 Bxd4 35. cxd4 Rb4 36. d5 Rc4 37. d6 Kf8 38. Bb7 Rxc5 39. Bxa6 Rd5 40. Ke2 Rxd6 41. Bd3 Rd4 42. Bc2 Ke7 43. a4 Kd6 44. a5 Rd5 45. a6 Ra5 46. Bd3 Ke5 47. Kd2 Kf4 48. Kc3 Ra3+ 49. Kc2 Kg3 50. Bc4 Kxg2 51. Kb2 Ra5 52. Kc3 Kxh3 53. Kb4 Ra1 54. Bb5 Rxa6 55. Bxa6 Kg3 56. Kc3 h3 57. f4 gxf4 58. Bb7 f3 0-1

[Event "Balaton GM 30th"]
[Site "Heviz"]
[Date "2012.09.27"]
[Round "5"]
[White "Hoelzl, Franz"]
[Black "Ashwin, Jayaram"]
[Result "0-1"]
[WhiteElo "2321"]
[BlackElo "2473"]
[PlyCount "52"]
[EventDate "2012.09.23"]
[EventType "tourn"]
[EventRounds "9"]
[EventCountry "HUN"]
[EventCategory "7"]
[SourceTitle "CBM 150 Extra"]
[Source "ChessBase"]
[SourceDate "2012.10.19"]
[SourceVersion "1"]
[SourceVersionDate "2012.10.19"]
[SourceQuality "1"]

1. d4 Nf6 2. c4 e6 3. Nc3 Bb4 4. Qc2 d5 5. cxd5 exd5 6. Bg5 h6 7. Bxf6 Qxf6 8. a3 Bxc3+ 9. Qxc3 0-0 10. e3 Bf5 11. Ne2 Rc8 12. Rc1 Nd7 13. b4 a5 14. Qb3 axb4 15. axb4 c6 16. Ng3 Bg6 17. Be2 b5 18. Bg4 Rc7 19. Bxd7 Rxd7 20. 0-0 Ra4 21. Rc3 Rda7 22. Qd1 Rxb4 23. Qg4 Rc4 24. h4 Ra2 25. Rxc4 bxc4 26. f4 Bd3 0-1

[Event "Balaton GM 30th"]
[Site "Heviz"]
[Date "2012.09.24"]
[Round "2"]
[White "Popovics, Adam"]
[Black "Hoelzl, Franz"]
[Result "1/2-1/2"]
[WhiteElo "2423"]
[BlackElo "2321"]
[PlyCount "44"]
[EventDate "2012.09.23"]
[EventType "tourn"]
[EventRounds "9"]
[EventCountry "HUN"]
[EventCategory "7"]
[SourceTitle "CBM 150 Extra"]
[Source "ChessBase"]
[SourceDate "2012.10.19"]
[SourceVersion "1"]
[SourceVersionDate "2012.10.19"]
[SourceQuality "1"]

1. Nf3 d5 2. g3 g6 3. Bg2 Bg7 4. 0-0 e5 5. d3 Ne7 6. Nbd2 0-0 7. a3 a5 8. c4 Nbc6 9. cxd5 Nxd5 10. Ne4 f5 11. Bg5 Nde7 12. Nc5 h6 13. Qb3+ Kh7 14. Nxb7 Bxb7 15. Bxe7 Nxe7 16. Qxb7 Rb8 17. Qa6 Rxb2 18. Qxa5 Rxe2 19. Rac1 c6 20. Qxd8 Rxd8 21. Rfe1 Rxe1+ 22. Rxe1 Rxd3 1/2-1/2

[Event "AUT-chT 1112"]
[Site "Austria"]
[Date "2012.04.21"]
[Round "10.6"]
[White "Hoelzl, Franz"]
[Black "Maurer, Jochen"]
[Result "1/2-1/2"]
[WhiteElo "2336"]
[BlackElo "2272"]
[PlyCount "71"]
[EventDate "2012.01.20"]
[EventType "team-tourn"]
[EventRounds "11"]
[EventCountry "AUT"]
[SourceTitle "EXT 2013"]
[Source "ChessBase"]
[SourceDate "2012.11.22"]
[SourceVersion "1"]
[SourceVersionDate "2012.11.22"]
[SourceQuality "1"]
[WhiteTeam "St Veit/Glan"]
[BlackTeam "Kufstein/Woergl"]
[WhiteTeamCountry "AUT"]
[BlackTeamCountry "AUT"]

1. g3 d6 2. Bg2 g6 3. d4 Bg7 4. e4 Nf6 5. Ne2 0-0 6. 0-0 Nc6 7. Nbc3 e5 8. dxe5 Nxe5 9. h3 Re8 10. g4 Ned7 11. Be3 Qe7 12. Ng3 Nb6 13. Re1 c6 14. Bf4 Nc4 15. Bf1 Ne5 16. g5 Nfd7 17. Be3 Nb6 18. f4 Nec4 19. Bxb6 Nxb6 20. Qd2 f6 21. h4 fxg5 22. hxg5 Bg4 23. Nd1 d5 24. Nf2 Qd7 25. c3 dxe4 26. Qxd7 Bxd7 27. Rad1 e3 28. Nfe4 Bg4 29. Rd6 Nd5 30. Bc4 Kh8 31. Bxd5 cxd5 32. Rxd5 e2 33. Nf2 Be6 34. Rd2 Bxa2 35. Rdxe2 Rxe2 36. Rxe2 1/2-1/2

[Event "EU-chT Seniors"]
[Site "Rogaska Slatina"]
[Date "2012.03.30"]
[Round "4.14"]
[White "Hoelzl, Franz"]
[Black "Mostertman, Loek G"]
[Result "1-0"]
[WhiteElo "2336"]
[BlackElo "2058"]
[PlyCount "43"]
[EventDate "2012.03.27"]
[EventType "team-swiss"]
[EventRounds "9"]
[EventCountry "SLO"]
[SourceTitle "CBM 147 Extra"]
[Source "ChessBase"]
[SourceDate "2012.04.24"]
[SourceVersion "1"]
[SourceVersionDate "2012.04.24"]
[SourceQuality "1"]
[WhiteTeam "Austria (Seniors)"]
[BlackTeam "Oranje (Seniors)"]
[WhiteTeamCountry "AUT"]
[BlackTeamCountry "NED"]

1. Nf3 c5 2. e4 Nc6 3. Bb5 e6 4. 0-0 Nge7 5. b3 a6 6. Bd3 Ng6 7. Bb2 Nf4 8. Re1 Nxd3 9. cxd3 f6 10. d4 cxd4 11. Nxd4 e5 12. Nc2 d5 13. exd5 Qxd5 14. d4 e4 15. Nc3 Qa5 16. Nxe4 Kf7 17. d5 Nb4 18. Ne3 f5 19. Ng5+ Kg6 20. Nh3 Nxa2 21. Qb1 Qd2 22. Rxa2 1-0

[Event "EU-chT Seniors"]
[Site "Rogaska Slatina"]
[Date "2012.03.29"]
[Round "3.20"]
[White "Theting, Helge E"]
[Black "Hoelzl, Franz"]
[Result "0-1"]
[WhiteElo "1980"]
[BlackElo "2336"]
[PlyCount "60"]
[EventDate "2012.03.27"]
[EventType "team-swiss"]
[EventRounds "9"]
[EventCountry "SLO"]
[SourceTitle "CBM 147 Extra"]
[Source "ChessBase"]
[SourceDate "2012.04.24"]
[SourceVersion "1"]
[SourceVersionDate "2012.04.24"]
[SourceQuality "1"]
[WhiteTeam "Norway (Seniors) III"]
[BlackTeam "Austria (Seniors)"]
[WhiteTeamCountry "NOR"]
[BlackTeamCountry "AUT"]

1. Nf3 g6 2. g3 Bg7 3. Bg2 e5 4. d3 d5 5. 0-0 Ne7 6. Nbd2 0-0 7. e4 Nbc6 8. c3 a5 9. a4 h6 10. Re1 Be6 11. exd5 Bxd5 12. Qe2 g5 13. Nc4 Ng6 14. Be3 Re8 15. Rad1 Qd7 16. Bc5 g4 17. Nfd2 Bxg2 18. Kxg2 Qd5+ 19. Ne4 f5 20. Ne3 Qd7 21. Nd2 h5 22. Kg1 Rad8 23. Ndc4 b6 24. Ba3 Nd4 25. cxd4 exd4 26. Qc2 dxe3 27. Rxe3 Bd4 28. Ree1 h4 29. Qb3 Qf7 30. Nxa5 bxa5 0-1

[Event "AUT-ch"]
[Site "Linz"]
[Date "2011.07.31"]
[Round "9"]
[White "Posch, Roland"]
[Black "Hoelzl, Franz"]
[Result "1/2-1/2"]
[WhiteElo "2123"]
[BlackElo "2349"]
[PlyCount "140"]
[EventDate "2011.07.23"]
[EventType "swiss"]
[EventRounds "9"]
[EventCountry "AUT"]
[SourceTitle "CBM 143 Extra"]
[Source "ChessBase"]
[SourceDate "2011.08.29"]
[SourceVersion "1"]
[SourceVersionDate "2011.08.29"]
[SourceQuality "1"]

1. e4 c5 2. Nf3 e6 3. c3 d5 4. exd5 Qxd5 5. d4 Nf6 6. Be2 Be7 7. 0-0 0-0 8. Bf4 cxd4 9. cxd4 Nc6 10. Nc3 Qd8 11. Rc1 b6 12. Nb5 Nd5 13. Bg3 Bb7 14. Ne5 Nxe5 15. dxe5 Bg5 16. f4 Be7 17. Bf3 Bc5+ 18. Bf2 Rc8 19. Bxc5 Rxc5 20. Rxc5 bxc5 21. Nc3 Nxc3 22. Qxd8 Rxd8 23. bxc3 Bxf3 24. Rxf3 c4 25. Re3 Rd2 26. Re4 Rxa2 27. Rxc4 h5 28. Rc7 h4 29. h3 a5 30. c4 Rc2 31. c5 Rc4 32. f5 exf5 33. c6 Rc5 34. Rc8+ Kh7 35. Rf8 Kg6 36. Ra8 Rxc6 37. Rxa5 Rc7 38. Kf2 Kg5 39. Kf3 Rc3+ 40. Kf2 Rc4 41. Ra7 Kg6 42. Ra6+ Kh7 43. Ra7 Re4 44. Rxf7 Rxe5 45. Kf3 Kg6 46. Ra7 Re4 47. Rb7 Kh6 48. Rf7 g6 49. Ra7 Kg5 50. Ra6 Rb4 51. Rc6 Rb3+ 52. Kf2 Rg3 53. Rb6 Kh5 54. Rb5 Ra3 55. Rb4 Ra5 56. Rc4 g5 57. Rc1 Ra2+ 58. Kg1 g4 59. hxg4+ Kxg4 60. Rc3 Ra1+ 61. Kf2 Rh1 62. Rb3 Ra1 63. Rc3 f4 64. Rb3 Ra2+ 65. Kg1 Re2 66. Rc3 Re3 67. Rc8 h3 68. Rg8+ Kf5 69. gxh3 Ke4 70. Kf2 Rxh3 1/2-1/2

[Event "AUT-ch"]
[Site "Linz"]
[Date "2011.07.30"]
[Round "8"]
[White "Hoelzl, Franz"]
[Black "Liedl, Wolfgang"]
[Result "0-1"]
[WhiteElo "2349"]
[BlackElo "2213"]
[PlyCount "74"]
[EventDate "2011.07.23"]
[EventType "swiss"]
[EventRounds "9"]
[EventCountry "AUT"]
[SourceTitle "CBM 143 Extra"]
[Source "ChessBase"]
[SourceDate "2011.08.29"]
[SourceVersion "1"]
[SourceVersionDate "2011.08.29"]
[SourceQuality "1"]

1. Nf3 Nf6 2. c4 g6 3. Nc3 d5 4. cxd5 Nxd5 5. Qa4+ Nc6 6. Ne5 Qd6 7. Nxc6 Qxc6 8. Qxc6+ bxc6 9. g3 Bg7 10. Bg2 Be6 11. b3 0-0-0 12. Bb2 Nxc3 13. Bxc3 Bxc3 14. dxc3 Rd6 15. Rd1 Rhd8 16. Rxd6 Rxd6 17. c4 c5 18. Be4 Bf5 19. Bd5 e6 20. Bf3 Bb1 21. 0-0 Bxa2 22. Ra1 Bxb3 23. Rxa7 Bxc4 24. Ra5 Rd1+ 25. Kg2 Re1 26. Bc6 Kd8 27. e4 Bd3 28. Kf3 f5 29. exf5 gxf5 30. Kf4 c4 31. Bb5 h6 32. Ba6 Ke7 33. Re5 Rxe5 34. Kxe5 c5 35. Bb5 Be2 36. Ba4 c3 37. Bc2 Bf3 0-1